| 000 | 00885 a2200241 4500 | ||
|---|---|---|---|
| 003 | UA-OsUOA | ||
| 005 | 20230207105921.0 | ||
| 008 | 230207b un ||||| |||| 00| 0 ukr d | ||
| 020 | _a5770769513 | ||
| 040 |
_aUA-OsUOA _bukr _cUA-OsUOA _dUA-OsUOA |
||
| 041 | _aukr | ||
| 080 | _a355.34(94(477) | ||
| 090 |
_a355.34(94(477) _bС34 |
||
| 100 | _aСідак В. С. | ||
| 245 |
_aЗ історії української розвідки та контррозвідки (нариси) _cВ. С. Сідак, В. С. Степанков |
||
| 260 |
_aК. _bІСБУ _c1995 |
||
| 300 | _a402 с. | ||
| 650 |
_2UDC _a355 Військова справа загалом |
||
| 700 | 1 | _aСтепанков В. С. | |
| 942 |
_cBK _2udc |
||
| 955 | _a1 | ||
| 999 |
_c573702 _d573702 |
||